MARC

LEADER 00000nam0a2200000 4500
001 122288
005 20231031125916.0
035 |a (RuTPU)RU\TPU\book\132414 
090 |a 122288 
100 |a 20071001d1973 km y0rusy50 ca 
101 0 |a rus 
102 |a RU 
105 |a a z 001zy 
200 1 |a Месторождения природной соды и условия их образования  |f Ю. В. Баталин, Б. С. Касимов, Е. Ф. Станкевич  |g Всесоюзный научно-исследовательский институт геологии нерудных полезных ископаемых (ВНИИгеолнеруд) 
210 |a Москва  |c Недра  |d 1973 
215 |a 208 с.  |c ил. 
320 |a Список литературы: с. 197-205. 
610 1 |a месторождения 
610 1 |a соды природные 
610 1 |a условия 
610 1 |a образование 
610 1 |a распространение 
610 1 |a минералы 
610 1 |a геология 
675 |a 553.5/6  |v 3 
700 1 |a Баталин  |b Ю. В.  |g Юрий Владимирович 
701 1 |a Касимов  |b Б. С.  |g Бернард Салихзянович 
701 1 |a Станкевич  |b Е. Ф.  |g Евгений Фомич 
712 0 2 |a Всесоюзный научно-исследовательский институт геологии нерудных полезных ископаемых (ВНИИгеолнеруд)  |2 stltpush  |3 (RuTPU)RU\TPU\col\11533 
801 1 |a RU  |b 63413507  |c 20071001  |g PSBO 
801 2 |a RU  |b 63413507  |c 20170420  |g PSBO 
942 |c BK